000 00885cam a22002651 4500
999 _c17661
_d17661
001 1219726
003 ASL
005 20231015025622.0
008 170705r1946 nyuc b 000 0 eng |
010 _a 46007614
040 _aDLC
_cASL
_dASL
043 _ae------
050 0 0 _aDC249
_b.N5 1946a
082 0 0 _a060.43613
_bNIC
100 1 _aNicolson, Harold
_d1886-1968.
_9529
245 0 4 _aThe Congress of Vienna:
_bA Study in Allied Unity: 1812-1822 /
_cby Harold Nicolson.
260 _aNew York:
_bHarcourt, Brace and company,
_c1946.
300 _avi, 312 p. :
_bfront., ports. ;
_c21 cm.
500 _a"First American edition."
504 _a"List of books consulted": p. 297-299.
610 1 0 _aCongress of Vienna,
_d(1814-1815)
_9530
651 0 _aEurope
_xPolitics and government
_y1789-1815.
_9531
906 _a7
_bcbc
_corignew
_du
_eocip
_f19
_gy-gencatlg
942 _2ddc
_cBK